|
|
|
|
| LEADER |
00821nab a2200229 i 4500 |
| 001 |
publ37063 |
| 005 |
20250623104038.0 |
| 008 |
250623s2021 hu o 000 eng d |
| 022 |
|
|
|a 1687-1839
|
| 024 |
7 |
|
|a 10.1186/s13662-021-03351-7
|2 doi
|
| 024 |
7 |
|
|a 31958593
|2 mtmt
|
| 040 |
|
|
|a SZTE Publicatio Repozitórium
|b hun
|
| 041 |
|
|
|a eng
|
| 100 |
2 |
|
|a Vivas-Cortez Miguel
|
| 245 |
1 |
0 |
|a Some generalized Hermite–Hadamard–Fejér inequality for convex functions
|h [elektronikus dokumentum] /
|c Vivas-Cortez Miguel
|
| 260 |
|
|
|c 2021
|
| 300 |
|
|
|a 11
|
| 490 |
0 |
|
|a ADVANCES IN DIFFERENCE EQUATIONS
|v 2021 No. 1
|
| 650 |
|
4 |
|a Matematika
|
| 700 |
0 |
1 |
|a Kórus Péter
|e aut
|
| 700 |
0 |
2 |
|a Nápoles Valdés Juan E.
|e aut
|
| 856 |
4 |
0 |
|u http://publicatio.bibl.u-szeged.hu/37063/1/2021.SomegeneralizedHermiteHadamardFejer.pdf
|z Dokumentum-elérés
|